000 00491nam a2200181Ia 4500
008 240729s9999 xx 000 0 und d
022 _a2090-2212
245 0 _aJournal of Aging Research
260 _aUnited Kingdom
260 _bHindawi Limited
650 _a Geriatrics
650 _a Internal medicine
650 _a Special situations and conditions
650 _aMedicine
856 _uhttps://doaj.org/toc/5f236f5b6a6e4e18af738e0e288c1c4a
942 _2ddc
942 _cDOAJEJ
999 _c71428
_d71428
945 _a1
_bMadushi Gamage
_c1
_dMadushi Gamage